[Event "Eerbeek"]
[Site "Eerbeek"]
[Date "1978.??.??"]
[Round "10"]
[White "Scheeren, Peter"]
[Black "Trois, Francisco RT"]
[Result "1-0"]
[WhiteElo "2200"]
[BlackElo "2385"]
[PlyCount "81"]
[EventDate "1978.11.??"]
[Source "ChessBase"]

1. d4 Nf6 2. c4 e6 3. g3 d5 4. Bg2 Nbd7 5. Nf3 dxc4 6. O-O a6 7. a4 c5 8. Nbd2
cxd4 9. Nxc4 Bc5 10. Nxd4 Nb6 11. Nxb6 Bxb6 12. Nc2 Qxd1 13. Rxd1 Ng4 14. Ne3
Nxe3 15. Bxe3 Bxe3 16. fxe3 Bd7 17. Bxb7 Ra7 18. Be4 a5 19. b4 axb4 20. Rdb1
Ke7 21. Rxb4 Rc8 22. a5 Rc5 23. Rb7 Rxb7 24. Bxb7 Bc6 25. Bxc6 Rxc6 26. a6 Rc8
27. a7 Ra8 28. Kf2 Kd6 29. Kf3 Kc6 30. Ke4 f6 31. Ra6+ Kb5 32. Ra3 Kb4 33. Ra2
Kc4 34. Rc2+ Kb5 35. Rc7 Kb6 36. Rxg7 Rxa7 37. Rxa7 Kxa7 38. Kd4 Kb6 39. e4 Kc6
40. e5 f5 41. e4 1-0

[Event "Eerbeek"]
[Site "Eerbeek"]
[Date "1978.??.??"]
[Round "11"]
[White "Trois, Francisco RT"]
[Black "Kelecevic, Nedeljko"]
[Result "1/2-1/2"]
[WhiteElo "2385"]
[BlackElo "2410"]
[PlyCount "79"]
[EventDate "1978.11.??"]
[Source "ChessBase"]

1. e4 c6 2. d3 d5 3. Nd2 Qc7 4. Ngf3 Bg4 5. h3 Bh5 6. c3 Nd7 7. Be2 e6 8. O-O
Ngf6 9. Re1 Be7 10. Nd4 Bg6 11. Bf1 O-O 12. Qf3 Bd6 13. b4 a5 14. bxa5 Rxa5 15.
exd5 exd5 16. N2b3 Raa8 17. Bg5 Rfe8 18. Rxe8+ Rxe8 19. a4 h6 20. Be3 Ne5 21.
Qd1 Qe7 22. a5 Ra8 23. Qd2 Ned7 24. Re1 Qf8 25. Bf4 Nc5 26. Bxd6 Qxd6 27. Nxc5
Qxc5 28. Nb3 Qa3 29. Qc2 Qd6 30. Qb2 Qc7 31. Qa3 Re8 32. Rxe8+ Nxe8 33. a6 bxa6
34. Qxa6 Bf5 35. Qa8 Bd7 36. d4 g6 37. Nc5 Kg7 38. Qa1 Bf5 39. Qa8 Nd6 40. Qa6
1/2-1/2

[Event "Budapest"]
[Site "Budapest"]
[Date "1980.??.??"]
[Round "?"]
[White "Ghitescu, Theodor"]
[Black "Trois, Francisco RT"]
[Result "1/2-1/2"]
[WhiteElo "2460"]
[BlackElo "2395"]
[PlyCount "54"]
[EventDate "1980.??.??"]
[Source "ChessBase"]
[SourceDate "1998.11.10"]

1. d4 Nf6 2. c4 e6 3. Nc3 Bb4 4. Qc2 c5 5. dxc5 O-O 6. Bg5 Nc6 7. a3 Bxc5 8. e4
h6 9. Bh4 Be7 10. Nf3 d6 11. Be2 Ne5 12. Rd1 Qb6 13. b4 Ned7 14. O-O Re8 15.
Nd4 a6 16. Kh1 Qc7 17. f4 b6 18. e5 dxe5 19. fxe5 Nxe5 20. Bg3 Bb7 21. Bf3 Nfd7
22. Qe2 Bxf3 23. Nxf3 f6 24. Ne4 Rad8 25. c5 bxc5 26. Qxa6 cxb4 27. Qxe6+ Kh8
1/2-1/2

[Event "Budapest"]
[Site "Budapest"]
[Date "1980.??.??"]
[Round "?"]
[White "Hausner, Ivan"]
[Black "Trois, Francisco RT"]
[Result "1-0"]
[WhiteElo "2445"]
[BlackElo "2395"]
[PlyCount "131"]
[EventDate "1980.??.??"]
[Source "ChessBase"]
[SourceDate "1998.11.10"]

1. d4 Nf6 2. c4 e6 3. g3 Bb4+ 4. Bd2 Qe7 5. Bg2 Nc6 6. Nf3 Bxd2+ 7. Nbxd2 O-O
8. O-O d6 9. e4 e5 10. d5 Nb8 11. Ne1 a5 12. Nd3 Na6 13. Qc2 Bd7 14. Rae1 Nb4
15. Qb3 Nxd3 16. Qxd3 Ne8 17. f4 g6 18. b3 f6 19. f5 g5 20. a3 Ng7 21. Rc1 b6
22. Nb1 Rfb8 23. Nc3 Be8 24. Rf2 Rb7 25. Ra2 Qd8 26. Bf1 Rba7 27. Be2 Qe7 28.
Rca1 Qd8 29. Bd1 Kh8 30. Qb1 Qe7 31. Rg2 Rb7 32. Be2 Qf8 33. Qc1 Rbb8 34. Qe3
h5 35. Kf2 Kh7 36. Rgg1 Bd7 37. Rgb1 Rb7 38. Qc1 Qc8 39. Rb2 Qf8 40. Rc2 Qb8
41. Nd1 Rba7 42. Ne3 Qf8 43. Qd2 Be8 44. Rac1 Bd7 45. b4 axb4 46. axb4 Ra4 47.
Bd1 R8a7 48. Rb2 Ra3 49. c5 bxc5 50. bxc5 dxc5 51. Nc4 Ra1 52. Rxa1 Rxa1 53.
Be2 Qa8 54. Nxe5 fxe5 55. Qxg5 Qa4 56. Qg6+ Kh8 57. Rb8+ Ne8 58. Qxh5+ Kg8 59.
Qg6+ Kf8 60. f6 Qd4+ 61. Kf3 Qc3+ 62. Kg2 Rg1+ 63. Kxg1 Qe1+ 64. Bf1 Qe3+ 65.
Kg2 Qd2+ 66. Kh1 1-0

[Event "Budapest"]
[Site "Budapest"]
[Date "1980.??.??"]
[Round "?"]
[White "Makropoulos, Georgios"]
[Black "Trois, Francisco RT"]
[Result "1-0"]
[WhiteElo "2445"]
[BlackElo "2395"]
[PlyCount "101"]
[EventDate "1980.??.??"]
[Source "ChessBase"]
[SourceDate "1998.11.10"]

1. e4 e5 2. Nf3 Nc6 3. c3 Nf6 4. d4 d6 5. h3 Be7 6. d5 Nb8 7. Bd3 c6 8. c4 Na6
9. Nc3 Nc5 10. Bc2 cxd5 11. cxd5 a5 12. Be3 b6 13. O-O O-O 14. a3 Bd7 15. Nd2
b5 16. Bxc5 dxc5 17. a4 b4 18. Na2 Bc8 19. Bd3 Nd7 20. Qe2 Bg5 21. Nc4 Qf6 22.
Nc1 Ba6 23. Nb3 Bxc4 24. Bxc4 Qd6 25. Bb5 Nb6 26. Bc6 c4 27. Bxa8 Rxa8 28. Nc1
g6 29. b3 c3 30. Nd3 Re8 31. Kh1 Nd7 32. Rad1 h5 33. g3 Bh6 34. Ne1 Rc8 35. Qc2
Nc5 36. Ng2 Bd2 37. f3 Qa6 38. Rf2 Bh6 39. f4 h4 40. fxe5 hxg3 41. Rf6 Qb7 42.
e6 fxe6 43. Rxg6+ Bg7 44. Rxg3 Qf7 45. Rg1 Kh8 46. Nh4 e5 47. Rxg7 Qxg7 48.
Rxg7 Kxg7 49. Qg2+ Kf8 50. Ng6+ Ke8 51. Nxe5 1-0

[Event "Budapest"]
[Site "Budapest"]
[Date "1980.??.??"]
[Round "?"]
[White "Szekely, Peter"]
[Black "Trois, Francisco RT"]
[Result "1/2-1/2"]
[WhiteElo "2210"]
[BlackElo "2395"]
[PlyCount "25"]
[EventDate "1980.??.??"]
[Source "ChessBase"]
[SourceDate "1998.11.10"]

1. Nf3 Nf6 2. c4 e6 3. g3 d5 4. Bg2 Be7 5. O-O O-O 6. d4 c6 7. Qc2 Nbd7 8. b3
b6 9. Rd1 a5 10. Nbd2 Bb7 11. e4 a4 12. Bb2 dxe4 13. Nxe4 1/2-1/2

[Event "Budapest"]
[Site "Budapest"]
[Date "1980.??.??"]
[Round "?"]
[White "Szell, Lajos"]
[Black "Trois, Francisco RT"]
[Result "0-1"]
[WhiteElo "2360"]
[BlackElo "2395"]
[PlyCount "106"]
[EventDate "1980.??.??"]
[Source "ChessBase"]
[SourceDate "1998.11.10"]

1. e4 g6 2. f4 Bg7 3. Nf3 d5 4. exd5 Qxd5 5. Nc3 Qd6 6. Bc4 Nc6 7. d3 Nf6 8.
O-O O-O 9. Kh1 Na5 10. Ne5 Nxc4 11. Nxc4 Qd8 12. Qf3 c6 13. Ne5 Nd7 14. Nxd7
Qxd7 15. Be3 b6 16. Rae1 Bb7 17. f5 Qxf5 18. Qxf5 gxf5 19. Rxf5 c5 20. Bg5 e6
21. Rf4 Bc6 22. Be7 Rfe8 23. Bf6 Bxf6 24. Rxf6 Kg7 25. Rf2 Rad8 26. Re3 Rg8 27.
Ne2 Kf8 28. Ng3 Rg6 29. Kg1 Ke8 30. Nf5 Rd5 31. Nh4 Rg4 32. Nf3 Rf5 33. Kf1
Bxf3 34. Rexf3 Rxf3 35. Rxf3 h5 36. Kf2 Ke7 37. Rg3 Rf4+ 38. Ke2 Kf6 39. b3 Rf5
40. Rf3 Kg5 41. Rxf5+ Kxf5 42. Kf3 b5 43. c3 Ke5 44. g4 h4 45. h3 b4 46. cxb4
cxb4 47. Ke3 Kd5 48. d4 e5 49. dxe5 Kxe5 50. Kf3 a6 51. Ke3 a5 52. Kd3 Kf4 53.
Kd4 Kg3 0-1

[Event "Budapest"]
[Site "Budapest"]
[Date "1980.??.??"]
[Round "?"]
[White "Trois, Francisco RT"]
[Black "Spiridonov, Nikola"]
[Result "1/2-1/2"]
[WhiteElo "2395"]
[BlackElo "2470"]
[PlyCount "53"]
[EventDate "1980.??.??"]
[Source "ChessBase"]
[SourceDate "1998.11.10"]

1. c4 Nf6 2. Nf3 g6 3. Nc3 d5 4. cxd5 Nxd5 5. e4 Nxc3 6. dxc3 Qxd1+ 7. Kxd1 c6
8. Be3 Bg7 9. a4 Nd7 10. Nd2 Ne5 11. f3 O-O 12. a5 Be6 13. Kc2 f5 14. Be2 f4
15. Bc5 Kf7 16. Ra4 Nd7 17. Bf2 b5 18. axb6 axb6 19. Rha1 Rxa4 20. Rxa4 Be5 21.
Ra6 Rb8 22. Bc4 Rb7 23. Bxe6+ Kxe6 24. b4 Bb8 25. Nc4 Ra7 26. Rxa7 Bxa7 27. Bd4
1/2-1/2

[Event "Zamardi op"]
[Site "Zamardi"]
[Date "1980.??.??"]
[Round "?"]
[White "Dorfman, Josif D"]
[Black "Trois, Francisco RT"]
[Result "1-0"]
[WhiteElo "2540"]
[BlackElo "2395"]
[PlyCount "57"]
[EventDate "1980.04.??"]
[Source "ChessBase"]

1. d4 Nf6 2. Nf3 e6 3. g3 b5 4. Bg2 Bb7 5. O-O d5 6. c3 Nbd7 7. a4 b4 8. cxb4
Bxb4 9. Bd2 Bxd2 10. Nbxd2 c5 11. dxc5 Nxc5 12. b4 Nce4 13. Nb3 Rc8 14. Qd4 Qb6
15. Rfc1 O-O 16. Ne5 Rxc1+ 17. Rxc1 Rc8 18. Rxc8+ Bxc8 19. b5 Bb7 20. Bxe4 dxe4
21. Qxb6 axb6 22. Nc4 Nd5 23. a5 Nc3 24. axb6 Nxe2+ 25. Kf1 Nc3 26. Nba5 Bd5
27. Nd6 Kf8 28. Nc6 Nxb5 29. b7 1-0

[Event "Stary Smokovec"]
[Site "Stary Smokovec"]
[Date "1980.??.??"]
[Round "1"]
[White "Prandstetter, Eduard"]
[Black "Trois, Francisco RT"]
[Result "1/2-1/2"]
[WhiteElo "2445"]
[BlackElo "2395"]
[PlyCount "21"]
[EventDate "1980.10.??"]
[Source "ChessBase"]

1. e4 e5 2. Nc3 Nc6 3. g3 g6 4. Bg2 Bg7 5. Nge2 d6 6. d3 Nge7 7. O-O O-O 8. f4
Nd4 9. Nxd4 exd4 10. Nd5 Nxd5 11. exd5 1/2-1/2

[Event "Stary Smokovec"]
[Site "Stary Smokovec"]
[Date "1980.??.??"]
[Round "2"]
[White "Trois, Francisco RT"]
[Black "Szilagyi, Gyorgy"]
[Result "1-0"]
[WhiteElo "2395"]
[BlackElo "2375"]
[PlyCount "49"]
[EventDate "1980.10.??"]
[Source "ChessBase"]

1. Nf3 Nf6 2. c4 g6 3. b3 Bg7 4. Bb2 d6 5. d4 e5 6. dxe5 Ng4 7. Nc3 Nxe5 8.
Nxe5 Bxe5 9. g3 Bd7 10. Bg2 Bc6 11. e4 Nd7 12. Qd2 O-O 13. O-O a5 14. Rad1 Re8
15. f4 Bg7 16. e5 Bxg2 17. Qxg2 Qc8 18. exd6 cxd6 19. Nb5 Qc5+ 20. Kh1 Bxb2 21.
Qxb2 Re6 22. Rd5 Qb6 23. f5 gxf5 24. Nd4 Rg6 25. Nxf5 1-0

[Event "Stary Smokovec"]
[Site "Stary Smokovec"]
[Date "1980.??.??"]
[Round "3"]
[White "Banas, Jan"]
[Black "Trois, Francisco RT"]
[Result "1-0"]
[WhiteElo "2365"]
[BlackElo "2395"]
[PlyCount "99"]
[EventDate "1980.10.??"]
[Source "ChessBase"]

1. e4 e5 2. Nf3 Nc6 3. Bb5 a6 4. Ba4 Nf6 5. O-O Be7 6. Re1 b5 7. Bb3 d6 8. c3
O-O 9. d4 Bb7 10. Nbd2 Re8 11. Nf1 Bf8 12. Ng3 Na5 13. Bc2 g6 14. h4 d5 15. Bg5
dxe4 16. Nxe4 Be7 17. dxe5 Ng4 18. Bf4 Nc4 19. b3 Qxd1 20. Raxd1 Na3 21. Bd3
Rad8 22. Neg5 Bc5 23. Bg3 h6 24. Be4 hxg5 25. Bxb7 Nc2 26. Rf1 gxh4 27. Rxd8
Rxd8 28. Bxh4 Rd3 29. Bc8 Nh6 30. e6 fxe6 31. Bxe6+ Kg7 32. c4 Nf5 33. Bxf5
gxf5 34. cxb5 axb5 35. Rc1 Rc3 36. Bg3 Bd6 37. Bxd6 cxd6 38. a3 d5 39. Kh2 Rc6
40. Ne5 Rh6+ 41. Kg3 Nd4 42. Rd1 Nxb3 43. Rxd5 Ra6 44. Rxb5 Nd4 45. Rb7+ Kf6
46. Rb6+ Rxb6 47. Nd7+ Ke6 48. Nxb6 Ne2+ 49. Kf3 Nd4+ 50. Kf4 1-0

[Event "Stary Smokovec"]
[Site "Stary Smokovec"]
[Date "1980.??.??"]
[Round "5"]
[White "Ambroz, Jan"]
[Black "Trois, Francisco RT"]
[Result "1/2-1/2"]
[WhiteElo "2390"]
[BlackElo "2395"]
[PlyCount "47"]
[EventDate "1980.10.??"]
[Source "ChessBase"]

1. e4 e5 2. Nf3 Nc6 3. c3 Nf6 4. d4 Nxe4 5. d5 Ne7 6. Nxe5 Ng6 7. Nd3 Nc5 8.
Be3 d6 9. Nd2 Be7 10. Nb3 Nxb3 11. axb3 O-O 12. Be2 Bg5 13. f4 Re8 14. Qd2 Bh4+
15. g3 Bf6 16. Bf3 Ne7 17. O-O Nf5 18. Bf2 Nh6 19. Kh1 Bh3 20. Rfe1 Rxe1+ 21.
Rxe1 Qd7 22. Bg1 Ng4 23. Nb4 h5 24. Qe2 1/2-1/2

[Event "Stary Smokovec"]
[Site "Stary Smokovec"]
[Date "1980.??.??"]
[Round "6"]
[White "Trois, Francisco RT"]
[Black "Petran, Peter"]
[Result "1-0"]
[WhiteElo "2395"]
[BlackElo "2300"]
[PlyCount "97"]
[EventDate "1980.10.??"]
[Source "ChessBase"]

1. Nf3 g6 2. c4 Bg7 3. d4 f5 4. g3 d6 5. Bg2 c6 6. Nc3 Nf6 7. h4 Ng4 8. h5 O-O
9. hxg6 hxg6 10. Bg5 Qe8 11. d5 Na6 12. dxc6 bxc6 13. Nd5 Rf7 14. Nf4 Nc5 15.
Nd2 e5 16. Nxg6 Ne6 17. f3 Nxg5 18. fxg4 fxg4 19. Ne4 Nxe4 20. Bxe4 Rf6 21.
Bxc6 Qxg6 22. Bxa8 Qf5 23. Bd5+ Kf8 24. Qd3 e4 25. Qxe4 Qf2+ 26. Kd2 Bf5 27.
Qe3 Qxe3+ 28. Kxe3 Ke7 29. Raf1 Rf8 30. Rh5 Bg6 31. Rxf8 Bxh5 32. Ra8 Bxb2 33.
Kf2 Bd4+ 34. e3 Bc5 35. Rh8 Bg6 36. Rg8 Bf5 37. Ke2 a5 38. Ra8 Bb4 39. Ra7+ Kf6
40. a3 Bxa3 41. Rxa5 Bc5 42. Ra8 Bg6 43. Rf8+ Ke5 44. Rf4 Bf5 45. e4 Bc8 46.
Rf8 Bd7 47. Rf7 Bc8 48. Rc7 Ba6 49. Rc6 1-0

[Event "Stary Smokovec"]
[Site "Stary Smokovec"]
[Date "1980.??.??"]
[Round "7"]
[White "Petrik, Karol"]
[Black "Trois, Francisco RT"]
[Result "1-0"]
[WhiteElo "2210"]
[BlackElo "2395"]
[PlyCount "81"]
[EventDate "1980.10.??"]
[Source "ChessBase"]

1. e4 e5 2. Nf3 Nc6 3. d4 exd4 4. c3 d3 5. Bxd3 d6 6. h3 g6 7. O-O Bg7 8. Be3
Nge7 9. Nbd2 O-O 10. Qc2 h6 11. Nd4 d5 12. Nxc6 bxc6 13. Bc5 Re8 14. Rad1 a5
15. Nb3 Bd7 16. Rfe1 a4 17. Nd4 Qc8 18. Re2 dxe4 19. Rxe4 Nd5 20. Rde1 Rxe4 21.
Bxe4 Qa6 22. b3 axb3 23. axb3 Re8 24. Rc1 Nf4 25. c4 Qa5 26. b4 Qa3 27. Rd1
Bxh3 28. Bxc6 Re5 29. Qd2 Nxg2 30. Nc2 Qb3 31. Bxg2 Rg5 32. Ne3 Bxg2 33. f4 Rg3
34. Nxg2 Qf3 35. Rf1 Qh5 36. Qd5 Qe2 37. Bf2 Rg4 38. Re1 Qc2 39. Re8+ Kh7 40.
Qxf7 Qd1+ 41. Kh2 1-0

[Event "Stary Smokovec"]
[Site "Stary Smokovec"]
[Date "1980.??.??"]
[Round "9"]
[White "Trois, Francisco RT"]
[Black "Cosic, Marin"]
[Result "1/2-1/2"]
[WhiteElo "2395"]
[BlackElo "2270"]
[PlyCount "43"]
[EventDate "1980.10.??"]
[Source "ChessBase"]

1. c4 Nf6 2. Nf3 g6 3. Nc3 d5 4. d4 Bg7 5. Bg5 Ne4 6. Bh4 c5 7. cxd5 Nxc3 8.
bxc3 Qxd5 9. e3 Nc6 10. Be2 O-O 11. O-O cxd4 12. cxd4 b6 13. Qb3 Qd6 14. Bg3
Qd8 15. Rac1 Bb7 16. Rfd1 Rc8 17. d5 Na5 18. Rxc8 Qxc8 19. Qb4 Qc2 20. Rd2 Qc1+
21. Rd1 Qc2 22. Rd2 1/2-1/2

[Event "Stary Smokovec"]
[Site "Stary Smokovec"]
[Date "1980.??.??"]
[Round "10"]
[White "Franzen, Josef"]
[Black "Trois, Francisco RT"]
[Result "1/2-1/2"]
[WhiteElo "2330"]
[BlackElo "2395"]
[PlyCount "51"]
[EventDate "1980.10.??"]
[Source "ChessBase"]

1. e4 c5 2. Nf3 e6 3. d4 cxd4 4. Nxd4 a6 5. Nc3 Qc7 6. g3 Nf6 7. Bg2 Bb4 8.
Nde2 Be7 9. O-O O-O 10. b3 Nc6 11. Bb2 Rb8 12. h3 b5 13. a3 Rd8 14. Kh2 Bb7 15.
Nf4 d6 16. Qd2 Ba8 17. Rfe1 Ne5 18. Nd3 Nfd7 19. f4 Nxd3 20. cxd3 Rdc8 21. Rac1
Qd8 22. d4 Bf8 23. Nb1 h6 24. Qd3 Rxc1 25. Rxc1 Rc8 26. Rxc8 1/2-1/2

[Event "Stary Smokovec"]
[Site "Stary Smokovec"]
[Date "1980.??.??"]
[Round "11"]
[White "Trois, Francisco RT"]
[Black "Lakic, Nikola"]
[Result "1/2-1/2"]
[WhiteElo "2395"]
[BlackElo "2395"]
[PlyCount "30"]
[EventDate "1980.10.??"]
[Source "ChessBase"]

1. e4 c6 2. d4 d5 3. Nd2 dxe4 4. Nxe4 Nd7 5. Nf3 Ngf6 6. Nxf6+ Nxf6 7. Ne5 Be6
8. c3 g6 9. Bd3 Bg7 10. O-O O-O 11. Re1 Nd7 12. Bf4 Nxe5 13. Bxe5 Bxe5 14. Rxe5
Qc7 15. Qe2 Rad8 1/2-1/2

[Event "Stary Smokovec"]
[Site "Stary Smokovec"]
[Date "1980.??.??"]
[Round "12"]
[White "Novak, Ivan"]
[Black "Trois, Francisco RT"]
[Result "1-0"]
[WhiteElo "2300"]
[BlackElo "2395"]
[PlyCount "69"]
[EventDate "1980.10.??"]
[Source "ChessBase"]

1. e4 c5 2. Nf3 Nc6 3. d4 cxd4 4. c3 dxc3 5. Nxc3 e6 6. Bc4 a6 7. O-O Nge7 8.
Bg5 h6 9. Be3 b5 10. Bb3 Ng6 11. Nd2 Be7 12. f4 O-O 13. Qh5 b4 14. Na4 Rb8 15.
Rf3 Rb5 16. f5 Nge5 17. Rg3 Bh4 18. Rxg7+ Kxg7 19. Bxh6+ Kg8 20. Bxf8 Qg5 21.
Qe2 Nd4 22. Qd1 Qe3+ 23. Kh1 Kxf8 24. Qh5 Bf6 25. Nc4 Nxc4 26. Bxc4 Rb8 27.
fxe6 Nxe6 28. Rf1 Qg5 29. Qd1 Be5 30. Rf5 Qg7 31. Bxe6 f6 32. Rxe5 Qe7 33. Qh5
Qg7 34. Rd5 Rb5 35. Nc5 1-0

[Event "Stary Smokovec"]
[Site "Stary Smokovec"]
[Date "1980.??.??"]
[Round "13"]
[White "Trois, Francisco RT"]
[Black "Bukal, Vladimir Sr"]
[Result "1/2-1/2"]
[WhiteElo "2395"]
[BlackElo "2415"]
[PlyCount "25"]
[EventDate "1980.10.??"]
[Source "ChessBase"]

1. d4 Nf6 2. c4 e6 3. Nf3 d5 4. Nc3 Be7 5. Bg5 O-O 6. e3 h6 7. Bh4 b6 8. cxd5
exd5 9. Rc1 Bb7 10. Bxf6 Bxf6 11. Bd3 Nd7 12. O-O c6 13. b4 1/2-1/2

[Event "Reggio Emilia"]
[Site "Reggio Emilia"]
[Date "1980.??.??"]
[Round "3"]
[White "Trois, Francisco RT"]
[Black "Martorelli, Antonio"]
[Result "1-0"]
[WhiteElo "2395"]
[BlackElo "2200"]
[PlyCount "71"]
[EventDate "1980.12.??"]
[Source "ChessBase"]

1. Nf3 Nf6 2. c4 e6 3. g3 b6 4. Bg2 Bb7 5. d4 Bb4+ 6. Bd2 Be7 7. Nc3 O-O 8. d5
exd5 9. Nd4 Nc6 10. Nxd5 Nxd4 11. Nxf6+ Bxf6 12. Bxb7 Re8 13. e3 Nc6 14. Qc2
Nd4 15. Qd3 Ne6 16. Bxa8 Bxb2 17. Rd1 Qxa8 18. Qd5 c6 19. Qg2 Qc8 20. O-O Qa6
21. Qe4 Qxa2 22. Be1 Rd8 23. Qc2 Qa3 24. Rd3 Qa6 25. Qxb2 Qxc4 26. Ra3 Ra8 27.
f3 c5 28. Bf2 Qd5 29. e4 Qc6 30. Rfa1 Ng5 31. h4 Ne6 32. Rxa7 Rxa7 33. Rxa7 b5
34. Qd2 d6 35. Qd5 Qb6 36. Qb7 1-0

[Event "Reggio Emilia"]
[Site "Reggio Emilia"]
[Date "1980.??.??"]
[Round "6"]
[White "Trois, Francisco RT"]
[Black "Braunberger, Federico"]
[Result "1-0"]
[WhiteElo "2395"]
[BlackElo "2200"]
[PlyCount "65"]
[EventDate "1980.12.??"]
[Source "ChessBase"]

1. g3 d5 2. Bg2 Nf6 3. Nf3 e6 4. O-O Be7 5. b3 O-O 6. c4 c6 7. Qc2 Nbd7 8. d4
a5 9. Nc3 b6 10. e4 Nxe4 11. Nxe4 dxe4 12. Qxe4 Nf6 13. Qc2 Bb7 14. Rd1 Rc8 15.
Bf4 Qe8 16. Re1 Ba8 17. Rad1 Qd7 18. Rd3 Qa7 19. Qe2 Bb4 20. Red1 Rfe8 21. Ne5
Bf8 22. g4 Red8 23. g5 Ne8 24. h4 Nd6 25. h5 g6 26. Ng4 Bg7 27. h6 Bh8 28. Be5
Ne8 29. Bxh8 Kxh8 30. Qe5+ Kg8 31. Nf6+ Nxf6 32. Qxf6 Kf8 33. Rf3 1-0

[Event "Bohemians"]
[Site "Prague"]
[Date "1981.??.??"]
[Round "?"]
[White "Adamski, Jan"]
[Black "Trois, Francisco RT"]
[Result "1/2-1/2"]
[WhiteElo "2430"]
[BlackElo "2390"]
[PlyCount "57"]
[EventDate "1981.01.??"]
[Source "ChessBase"]
[SourceDate "1997.11.17"]

1. Nf3 Nf6 2. c4 e6 3. g3 b6 4. Bg2 Bb7 5. d4 Bb4+ 6. Bd2 a5 7. O-O Bxd2 8.
Nbxd2 c5 9. Qc2 Nc6 10. e4 Nxd4 11. Nxd4 cxd4 12. e5 Bxg2 13. Kxg2 Ng4 14. Qe4
Nh6 15. Nf3 Rc8 16. b3 Nf5 17. Rad1 d5 18. cxd5 Qxd5 19. Qxd5 exd5 20. g4 Ne7
21. Nxd4 h5 22. h3 hxg4 23. hxg4 g5 24. Nf5 Ng6 25. Nd6+ Kf8 26. Nxc8 Nf4+ 27.
Kg1 Ne2+ 28. Kg2 Nf4+ 29. Kg1 1/2-1/2

[Event "Bohemians"]
[Site "Prague"]
[Date "1981.??.??"]
[Round "?"]
[White "Barlov, Dragan"]
[Black "Trois, Francisco RT"]
[Result "1/2-1/2"]
[WhiteElo "2405"]
[BlackElo "2390"]
[PlyCount "113"]
[EventDate "1981.01.??"]
[Source "ChessBase"]
[SourceDate "1997.11.17"]

1. e4 e5 2. Nf3 Nc6 3. Bb5 a6 4. Ba4 Nf6 5. O-O Be7 6. Qe2 b5 7. Bb3 O-O 8. c3
d5 9. d3 Bb7 10. Rd1 Re8 11. Bg5 d4 12. Nbd2 dxc3 13. bxc3 h6 14. Bxf6 Bxf6 15.
Bd5 Na5 16. Bxb7 Nxb7 17. Nb3 c5 18. Ne1 Re6 19. Nc2 Bg5 20. a4 Qe8 21. axb5
axb5 22. g3 Rea6 23. h4 Be7 24. Ne3 Rxa1 25. Rxa1 Rxa1+ 26. Nxa1 Qa8 27. Qb2 c4
28. dxc4 bxc4 29. Nxc4 Nc5 30. f3 Nd3 31. Qb1 Qa7+ 32. Kh1 h5 33. Nb3 Qd7 34.
Kg2 g5 35. Nb6 Qb5 36. Nd5 Bd8 37. hxg5 Bxg5 38. Nd2 Qa6 39. Nf1 h4 40. gxh4
Bxh4 41. Kh3 Bf2 42. Ng3 Bxg3 43. Kxg3 Qg6+ 44. Kh2 Qh5+ 45. Kg2 Qg5+ 46. Kf1
Qd2 47. Qb6 Qd1+ 48. Kg2 Ne1+ 49. Kf2 Qd2+ 50. Kf1 Nxf3 51. Qd8+ Kh7 52. Qf6
Qe1+ 53. Kg2 Nh4+ 54. Kh2 Qe2+ 55. Kh3 Qg2+ 56. Kxh4 Qxe4+ 57. Nf4 1/2-1/2

[Event "Bohemians"]
[Site "Prague"]
[Date "1981.??.??"]
[Round "?"]
[White "Gruenberg, Hans Ulrich"]
[Black "Trois, Francisco RT"]
[Result "1/2-1/2"]
[WhiteElo "2435"]
[BlackElo "2390"]
[PlyCount "35"]
[EventDate "1981.01.??"]
[Source "ChessBase"]
[SourceDate "1997.11.17"]

1. Nf3 Nf6 2. c4 e6 3. g3 b6 4. Bg2 Bb7 5. d4 Be7 6. O-O O-O 7. Nc3 Ne4 8. Qc2
Nxc3 9. Qxc3 Be4 10. Bf4 d6 11. Rad1 Nd7 12. Ne1 Bxg2 13. Nxg2 Bf6 14. e4 c5
15. Be3 Qc7 16. b3 cxd4 17. Bxd4 b5 18. Rc1 1/2-1/2

[Event "Bohemians"]
[Site "Prague"]
[Date "1981.??.??"]
[Round "?"]
[White "Trois, Francisco RT"]
[Black "Dobosz, Henryk"]
[Result "1/2-1/2"]
[WhiteElo "2390"]
[BlackElo "2360"]
[PlyCount "28"]
[EventDate "1981.01.??"]
[Source "ChessBase"]
[SourceDate "1997.11.17"]

1. Nf3 e6 2. g3 b5 3. Bg2 Bb7 4. d4 Nf6 5. O-O c5 6. c3 Be7 7. Nbd2 cxd4 8.
cxd4 O-O 9. Re1 d6 10. a3 Qb6 11. e4 Nbd7 12. b3 Rfc8 13. Bb2 Rc7 14. Rc1 Rac8
1/2-1/2

[Event "Bohemians"]
[Site "Prague"]
[Date "1981.??.??"]
[Round "?"]
[White "Trois, Francisco RT"]
[Black "Janak, Jaroslav"]
[Result "1/2-1/2"]
[WhiteElo "2390"]
[BlackElo "2275"]
[PlyCount "35"]
[EventDate "1981.01.??"]
[Source "ChessBase"]
[SourceDate "1997.11.17"]

1. Nf3 Nf6 2. c4 e6 3. g3 Be7 4. Bg2 d5 5. O-O O-O 6. d4 dxc4 7. Qc2 a6 8. a4
Bd7 9. Nbd2 Bc6 10. Rd1 b5 11. e4 Nbd7 12. b3 Qc8 13. bxc4 bxc4 14. Ba3 Bxa3
15. Rxa3 a5 16. Qxc4 Ra6 17. Bf1 Rb6 18. Bd3 1/2-1/2

[Event "Bohemians"]
[Site "Prague"]
[Date "1981.??.??"]
[Round "?"]
[White "Trois, Francisco RT"]
[Black "Neckar, Lubomir"]
[Result "1/2-1/2"]
[WhiteElo "2390"]
[BlackElo "2380"]
[PlyCount "29"]
[EventDate "1981.01.??"]
[Source "ChessBase"]
[SourceDate "1997.11.17"]

1. Nf3 Nf6 2. d4 d5 3. c4 c6 4. e3 e6 5. Qc2 Nbd7 6. Nc3 b6 7. Be2 Bb7 8. O-O
Be7 9. Rd1 O-O 10. e4 dxe4 11. Nxe4 Qc7 12. Nc3 e5 13. dxe5 Nxe5 14. Nxe5 Qxe5
15. Bf3 1/2-1/2

[Event "Bohemians"]
[Site "Prague"]
[Date "1981.??.??"]
[Round "?"]
[White "Trois, Francisco RT"]
[Black "Novak, Ivan"]
[Result "1/2-1/2"]
[WhiteElo "2390"]
[BlackElo "2310"]
[PlyCount "24"]
[EventDate "1981.01.??"]
[Source "ChessBase"]
[SourceDate "1997.11.17"]

1. c4 Nf6 2. g3 c5 3. Bg2 d5 4. cxd5 Nxd5 5. Nc3 Nc7 6. b3 e5 7. Bb2 Be7 8. Rc1
O-O 9. Nf3 Nd7 10. O-O Rb8 11. Ne1 Re8 12. Nd3 b6 1/2-1/2

[Event "Bohemians"]
[Site "Prague"]
[Date "1981.??.??"]
[Round "?"]
[White "Trois, Francisco RT"]
[Black "Prandstetter, Eduard"]
[Result "1/2-1/2"]
[WhiteElo "2390"]
[BlackElo "2440"]
[PlyCount "26"]
[EventDate "1981.01.??"]
[Source "ChessBase"]
[SourceDate "1997.11.17"]

1. d4 d5 2. c4 e6 3. Nc3 Nf6 4. Bg5 Be7 5. cxd5 exd5 6. e3 c6 7. Bd3 Bg4 8.
Nge2 Bh5 9. O-O O-O 10. Qb3 Qb6 11. Qc2 Bg6 12. Ng3 Bxd3 13. Qxd3 g6 1/2-1/2

[Event "Luzern olm"]
[Site "Luzern"]
[Date "1982.??.??"]
[Round "3"]
[White "Sosonko, Gennadi"]
[Black "Trois, Francisco RT"]
[Result "0-1"]
[WhiteElo "2575"]
[BlackElo "2410"]
[PlyCount "66"]
[EventDate "1982.10.??"]
[Source "ChessBase"]
[SourceDate "1996.11.15"]

1. d4 Nf6 2. c4 e6 3. g3 Bb4+ 4. Bd2 Qe7 5. Bg2 Nc6 6. d5 Bxd2+ 7. Nxd2 Nb8 8.
Nh3 e5 9. e4 d6 10. O-O a5 11. f4 Bxh3 12. Bxh3 O-O 13. Qc2 Na6 14. Rae1 Nc5
15. b3 Nh5 16. Bg4 Nf6 17. Bf3 c6 18. a3 Nfd7 19. Bg4 Rfe8 20. Bxd7 Qxd7 21. f5
f6 22. a4 cxd5 23. exd5 Qc7 24. g4 Qb6 25. Kg2 Re7 26. Rf3 Rf8 27. h4 Qb4 28.
Re2 h6 29. Rg3 Kf7 30. Ne4 Nxe4 31. Rxe4 Ke8 32. Qd1 Kd8 33. c5 Qxe4+ 0-1